[Event "Florianopolis 4th"]
[Site "Florianopolis"]
[Date "2017.01.30"]
[Round "6"]
[White "Molina, Roberto Junio Brito"]
[Black "Delgado Ramirez, Neuris"]
[Result "1-0"]
[WhiteElo "2440"]
[BlackElo "2615"]
[PlyCount "107"]
[EventDate "2017.01.27"]
[EventType "tourn"]
[EventRounds "9"]
[EventCountry "BRA"]
[EventCategory "7"]
[SourceTitle "CBM 176 Extra"]
[Source "ChessBase"]
[SourceDate "2017.03.02"]
[SourceVersion "1"]
[SourceVersionDate "2017.03.02"]
[SourceQuality "1"]

1. e4 c5 2. Nf3 d6 3. d4 cxd4 4. Nxd4 Nf6 5. Nc3 a6 6. Be3 e5 7. Nb3 Be6 8. f3
Be7 9. Qd2 Nbd7 10. O-O-O O-O 11. g4 Qc7 12. g5 Nh5 13. Kb1 Rfb8 14. Nc1 b5 15.
N1e2 b4 16. Nd5 Bxd5 17. exd5 Nb6 18. Bxb6 Rxb6 19. Bh3 a5 20. Bg4 Nf4 21. Nxf4
exf4 22. Qxf4 a4 23. Rd4 a3 24. Rc4 Bxg5 25. Rxc7 Bxf4 26. Re1 Be5 27. b3 Rf8
28. Bd7 Bxh2 29. Re7 Be5 30. Be8 h5 31. Bxf7+ Rxf7 32. Rxf7 h4 33. Rf5 Bf6 34.
Rc6 Rb8 35. Rxd6 Kf7 36. Rdxf6+ gxf6 37. Rh5 Rg8 38. Kc1 Rg1+ 39. Kd2 Rh1 40.
Rh7+ Ke8 41. Kd3 h3 42. Kc4 Rh2 43. Kxb4 Rxc2 44. Kxa3 h2 45. f4 Kf8 46. d6 Kg8
47. Rh4 Kf7 48. f5 Rd2 49. b4 Ke8 50. Rh7 Rf2 51. Kb3 Rf3+ 52. Ka4 Rf2 53. a3
Kd8 54. Kb5 1-0

[Event "Florianopolis 4th"]
[Site "Florianopolis"]
[Date "2017.01.31"]
[Round "7"]
[White "Delgado Ramirez, Neuris"]
[Black "Shumyatsky, Victor"]
[Result "1/2-1/2"]
[WhiteElo "2615"]
[BlackElo "2452"]
[PlyCount "62"]
[EventDate "2017.01.27"]
[EventType "tourn"]
[EventRounds "9"]
[EventCountry "BRA"]
[EventCategory "7"]
[SourceTitle "CBM 176 Extra"]
[Source "ChessBase"]
[SourceDate "2017.03.02"]
[SourceVersion "1"]
[SourceVersionDate "2017.03.02"]
[SourceQuality "1"]

1. e4 c5 2. Nf3 e6 3. d4 cxd4 4. Nxd4 Nc6 5. Nc3 d6 6. f4 Nf6 7. Nf3 Be7 8. Bd3
O-O 9. Qe2 e5 10. Be3 Ng4 11. f5 a6 12. O-O-O b5 13. h3 Nxe3 14. Qxe3 Nd4 15.
Kb1 Bb7 16. h4 h6 17. Qf2 Rc8 18. Nxd4 Rxc3 19. Nf3 Rc5 20. g4 d5 21. f6 gxf6
22. g5 fxg5 23. hxg5 dxe4 24. gxh6 Kh8 25. Be2 Qc7 26. Rdg1 Qc6 27. Qg3 Qg6 28.
Qh3 Qe6 29. Qg3 Qg6 30. Qh3 Qe6 31. Qg3 Qg6 1/2-1/2

[Event "Florianopolis 4th"]
[Site "Florianopolis"]
[Date "2017.01.31"]
[Round "8"]
[White "Umetsubo, Cesar Hidemitsu"]
[Black "Delgado Ramirez, Neuris"]
[Result "1-0"]
[WhiteElo "2407"]
[BlackElo "2615"]
[PlyCount "53"]
[EventDate "2017.01.27"]
[EventType "tourn"]
[EventRounds "9"]
[EventCountry "BRA"]
[EventCategory "7"]
[SourceTitle "CBM 176 Extra"]
[Source "ChessBase"]
[SourceDate "2017.03.02"]
[SourceVersion "1"]
[SourceVersionDate "2017.03.02"]
[SourceQuality "1"]

1. d4 Nf6 2. c4 e6 3. Nc3 Bb4 4. a3 Bxc3+ 5. bxc3 c5 6. e3 d6 7. Bd3 Nc6 8. Ne2
b6 9. O-O Na5 10. e4 Ba6 11. f4 Nd7 12. e5 Bxc4 13. Bxc4 Nxc4 14. f5 Qe7 15.
fxe6 fxe6 16. Qa4 Na5 17. dxc5 dxc5 18. Qg4 Nxe5 19. Qe4 Nec6 20. h4 Qd7 21.
Bg5 Qd5 22. Qf4 e5 23. Qf5 Qd7 24. Qf3 Qe6 25. Rad1 e4 26. Qf4 Nc4 27. Qc7 1-0

[Event "Florianopolis 4th"]
[Site "Florianopolis"]
[Date "2017.02.01"]
[Round "9"]
[White "Delgado Ramirez, Neuris"]
[Black "Cubas, Jose Fernando"]
[Result "1-0"]
[WhiteElo "2615"]
[BlackElo "2469"]
[PlyCount "119"]
[EventDate "2017.01.27"]
[EventType "tourn"]
[EventRounds "9"]
[EventCountry "BRA"]
[EventCategory "7"]
[SourceTitle "CBM 176 Extra"]
[Source "ChessBase"]
[SourceDate "2017.03.02"]
[SourceVersion "1"]
[SourceVersionDate "2017.03.02"]
[SourceQuality "1"]

1. e4 e6 2. d4 d5 3. exd5 exd5 4. Nf3 Bd6 5. c4 dxc4 6. Bxc4 Nf6 7. Qe2+ Qe7 8.
Qxe7+ Bxe7 9. Bf4 Bd6 10. Bxd6 cxd6 11. Nc3 Bg4 12. Ng5 Nc6 13. f3 Bh5 14.
O-O-O Rf8 15. h4 h6 16. Nh3 Bg6 17. Nf4 Bh7 18. Rhe1+ Kd7 19. g4 Rac8 20. g5
Ne8 21. g6 Bg8 22. gxf7 Bxf7 23. Ne6 Rh8 24. Nc5+ dxc5 25. dxc5+ Kc7 26. Bxf7
Rf8 27. Be6 Rd8 28. Rxd8 Nxd8 29. Bd5 Nc6 30. Nb5+ Kd7 31. Be6+ Kd8 32. Rd1+
Ke7 33. Bc8 Rxf3 34. Rd7+ Kf8 35. Bxb7 Rf5 36. Bxc6 Rxc5+ 37. Kd2 Rxc6 38. Rxa7
Rc4 39. h5 Rb4 40. a4 Rxb2+ 41. Kd3 Rh2 42. Nd4 Rxh5 43. a5 Nc7 44. Rxc7 Rxa5
45. Ne6+ Kg8 46. Rxg7+ Kh8 47. Ke4 h5 48. Rg6 Kh7 49. Nf8+ Kh8 50. Nd7 Kh7 51.
Rg1 h4 52. Ne5 h3 53. Rg3 Ra4+ 54. Kf5 Rh4 55. Nd7 Rh5+ 56. Ke6 Ra5 57. Kf7 Kh6
58. Rg6+ Kh5 59. Nf6+ Kh4 60. Rg4# 1-0

[Event "Montevideo Duchamp Cup 1st"]
[Site "Montevideo"]
[Date "2017.02.09"]
[Round "1"]
[White "Belistri, Ubaldo"]
[Black "Delgado Ramirez, Neuris"]
[Result "0-1"]
[WhiteElo "1892"]
[BlackElo "2625"]
[PlyCount "103"]
[EventDate "2017.02.09"]
[EventType "swiss"]
[EventRounds "9"]
[EventCountry "URU"]
[SourceTitle "CBM 176 Extra"]
[Source "ChessBase"]
[SourceDate "2017.03.02"]
[SourceVersion "1"]
[SourceVersionDate "2017.03.02"]
[SourceQuality "1"]

1. Nc3 d5 2. e4 d4 3. Nce2 Nf6 4. d3 Nc6 5. Ng3 h5 6. Be2 h4 7. Nh5 Nxh5 8.
Bxh5 e5 9. Nh3 Bb4+ 10. Kf1 Bxh3 11. gxh3 g6 12. Bg4 Be7 13. Rg1 Qd6 14. a3 Nd8
15. f4 exf4 16. Qf3 g5 17. Bd2 Ne6 18. Re1 Qb6 19. Bc1 O-O-O 20. e5 Kb8 21. Rg2
c6 22. Rge2 Rd5 23. Qe4 Qc7 24. Qf5 Bf8 25. Qe4 Bg7 26. Qf5 Qe7 27. c4 dxc3 28.
bxc3 Rc5 29. Bb2 Rd8 30. d4 Rb5 31. Qc2 Rbd5 32. Bf3 Nc7 33. a4 R5d7 34. Qb3
Qe6 35. Qxe6 Nxe6 36. Rb1 Bf8 37. Bc1 Rc8 38. Bg4 c5 39. Rd2 Rcd8 40. Bb2 cxd4
41. cxd4 Bb4 42. Rd3 a5 43. Rbd1 Rc7 44. d5 Nc5 45. Rd4 Nxa4 46. d6 Rc2 47. Ba3
Nc3 48. Bxb4 axb4 49. Re1 b3 50. Rb4 b2 51. Bf3 b5 52. Bc6 0-1

[Event "Montevideo Duchamp Cup 1st"]
[Site "Montevideo"]
[Date "2017.02.10"]
[Round "2"]
[White "Delgado Ramirez, Neuris"]
[Black "Guerrero, Alvaro"]
[Result "1-0"]
[WhiteElo "2625"]
[BlackElo "2112"]
[PlyCount "83"]
[EventDate "2017.02.09"]
[EventType "swiss"]
[EventRounds "9"]
[EventCountry "URU"]
[SourceTitle "CBM 176 Extra"]
[Source "ChessBase"]
[SourceDate "2017.03.02"]
[SourceVersion "1"]
[SourceVersionDate "2017.03.02"]
[SourceQuality "1"]

1. e4 c6 2. d4 d5 3. exd5 cxd5 4. Bd3 g6 5. Bf4 Nc6 6. c3 Nf6 7. Nf3 Bg7 8. h3
a6 9. Nbd2 Bf5 10. Bxf5 gxf5 11. Qe2 Ne4 12. g4 Nxd2 13. Nxd2 Qd7 14. O-O-O
fxg4 15. hxg4 h5 16. f3 b5 17. Nb3 b4 18. Nc5 Qc8 19. cxb4 a5 20. Kb1 axb4 21.
Be3 Kf8 22. Qd3 Ra7 23. Rxh5 Rxh5 24. gxh5 Qh3 25. h6 Bf6 26. h7 e6 27. Nb3 Ne7
28. Bd2 Kg7 29. Bxb4 Ng6 30. Bc5 Ra8 31. Nc1 Nf4 32. Qe3 Qxh7+ 33. Nd3 Ng6 34.
Rg1 Kh8 35. a3 Bg7 36. Ka2 Qh2 37. Qc1 Kg8 38. f4 Rb8 39. Bd6 Rd8 40. Be5 Qh3
41. Qc7 Re8 42. Rxg6 1-0

[Event "Montevideo Duchamp Cup 1st"]
[Site "Montevideo"]
[Date "2017.02.11"]
[Round "3"]
[White "Ocantos, Manuel"]
[Black "Delgado Ramirez, Neuris"]
[Result "0-1"]
[WhiteElo "2243"]
[BlackElo "2625"]
[PlyCount "130"]
[EventDate "2017.02.09"]
[EventType "swiss"]
[EventRounds "9"]
[EventCountry "URU"]
[SourceTitle "CBM 176 Extra"]
[Source "ChessBase"]
[SourceDate "2017.03.02"]
[SourceVersion "1"]
[SourceVersionDate "2017.03.02"]
[SourceQuality "1"]

1. d4 Nf6 2. c4 e6 3. Nc3 Bb4 4. e3 O-O 5. Bd3 Re8 6. Nge2 d5 7. O-O c6 8. e4
dxe4 9. Nxe4 Nbd7 10. c5 Nxe4 11. Bxe4 e5 12. a3 Ba5 13. Qc2 Nf6 14. Bg5 exd4
15. Bxh7+ Kh8 16. Ng3 Re5 17. Bf4 Rd5 18. Bd3 Bc7 19. Bxc7 Qxc7 20. b4 Be6 21.
Bc4 Re5 22. Bxe6 Rxe6 23. Nf5 Qe5 24. Nd6 Kg8 25. Qf5 b6 26. Qxe5 Rxe5 27. Nc4
Re6 28. cxb6 axb6 29. Nxb6 Rb8 30. Nc4 Nd5 31. Rfd1 Nc3 32. Rd3 Rd8 33. g3 c5
34. bxc5 Rd5 35. Kg2 Rc6 36. Re1 Rcxc5 37. Re8+ Kh7 38. Nd2 Nb5 39. Ne4 Rc4 40.
h4 Ra4 41. Ng5+ Kg6 42. Rb8 Nxa3 43. Rb6+ f6 44. Ne6 Kf7 45. Nf4 Rd7 46. h5 Nc4
47. Rb8 Ne5 48. Rd2 d3 49. Rb3 Rad4 50. Rc3 R4d6 51. Kf1 Kg8 52. Kg2 Kh7 53.
Kf1 Kh6 54. Kg2 Kg5 55. Rc8 Kf5 56. Rc5 Ke4 57. Ng6 Kd4 58. Nxe5 Kxc5 59. Nxd7+
Rxd7 60. Kf1 Kc4 61. Ke1 Re7+ 62. Kd1 Ra7 63. Rb2 Kc3 64. Rb1 d2 65. Ke2 Kd4
0-1

[Event "Montevideo Duchamp Cup 1st"]
[Site "Montevideo"]
[Date "2017.02.11"]
[Round "4"]
[White "Delgado Ramirez, Neuris"]
[Black "Lujan, Carolina"]
[Result "1-0"]
[WhiteElo "2625"]
[BlackElo "2385"]
[PlyCount "97"]
[EventDate "2017.02.09"]
[EventType "swiss"]
[EventRounds "9"]
[EventCountry "URU"]
[SourceTitle "CBM 176 Extra"]
[Source "ChessBase"]
[SourceDate "2017.03.02"]
[SourceVersion "1"]
[SourceVersionDate "2017.03.02"]
[SourceQuality "1"]

1. e4 d6 2. d4 Nf6 3. Nc3 g6 4. Bf4 Bg7 5. Qd2 c6 6. Nf3 b5 7. a3 Qa5 8. Bd3
Bg4 9. Ng1 O-O 10. h3 e5 11. dxe5 dxe5 12. Be3 Be6 13. Nf3 Nbd7 14. Ng5 Rfe8
15. O-O Nf8 16. Rfd1 Rad8 17. b4 Qc7 18. a4 a6 19. axb5 axb5 20. Ra7 Qb8 21.
Rda1 Rd7 22. Nxe6 fxe6 23. R7a6 Rc8 24. Rb6 Rb7 25. Rba6 N8d7 26. Ne2 Bf8 27.
c3 Ne8 28. Bc2 Ng7 29. Bb3 Nb6 30. Qa2 Re8 31. Qa5 Nc8 32. Rxc6 Nd6 33. Ba7 Qa8
34. Bb6 Ra7 35. Qxa7 Qxc6 36. Qc7 Qxe4 37. Ng3 Qh4 38. Ra7 Qf6 39. Bc5 Rc8 40.
Qb6 Nge8 41. Ne4 Qf4 42. Bxe6+ Kh8 43. Ng3 Nc4 44. Qxb5 Ncd6 45. Bxd6 Nxd6 46.
Qd7 Qh6 47. Ra6 Rxc3 48. Ra8 Rd3 49. Qe7 1-0

[Event "Montevideo Duchamp Cup 1st"]
[Site "Montevideo"]
[Date "2017.02.12"]
[Round "5"]
[White "Mareco, Sandro"]
[Black "Delgado Ramirez, Neuris"]
[Result "1-0"]
[WhiteElo "2645"]
[BlackElo "2625"]
[PlyCount "83"]
[EventDate "2017.02.09"]
[EventType "swiss"]
[EventRounds "9"]
[EventCountry "URU"]
[SourceTitle "CBM 176 Extra"]
[Source "ChessBase"]
[SourceDate "2017.03.02"]
[SourceVersion "1"]
[SourceVersionDate "2017.03.02"]
[SourceQuality "1"]

1. d4 Nf6 2. c4 e6 3. Nf3 Bb4+ 4. Nbd2 a5 5. a3 Be7 6. e4 d5 7. e5 Nfd7 8. Qc2
c5 9. Bd3 dxc4 10. Nxc4 cxd4 11. O-O Nc6 12. Bxh7 Nc5 13. Rd1 a4 14. Be4 Nb3
15. Rb1 Bd7 16. Bf4 Rc8 17. Qe2 b5 18. Nd6+ Bxd6 19. exd6 Qb6 20. Bd3 Rb8 21.
Bc2 f6 22. Qe4 Kf8 23. Bxb3 axb3 24. Bg3 e5 25. Rbc1 Re8 26. Nh4 Rh6 27. f4
exf4 28. Qxf4 g5 29. Qd2 Ne5 30. Rf1 Kg7 31. Rc7 Rxh4 32. Bxe5 Rxe5 33. Rxd7+
Kg6 34. Qd3+ Rhe4 35. Qxb3 Rf4 36. Qd3+ f5 37. Rxf4 gxf4 38. Qh3 d3+ 39. Kf1
Re3 40. Qh7+ Kf6 41. Rf7+ Ke5 42. Rxf5+ 1-0

[Event "Montevideo Duchamp Cup 1st"]
[Site "Montevideo"]
[Date "2017.02.12"]
[Round "6"]
[White "Delgado Ramirez, Neuris"]
[Black "Valenzuela Gomez, Fernando"]
[Result "1-0"]
[WhiteElo "2625"]
[BlackElo "2359"]
[PlyCount "67"]
[EventDate "2017.02.09"]
[EventType "swiss"]
[EventRounds "9"]
[EventCountry "URU"]
[SourceTitle "CBM 176 Extra"]
[Source "ChessBase"]
[SourceDate "2017.03.02"]
[SourceVersion "1"]
[SourceVersionDate "2017.03.02"]
[SourceQuality "1"]

1. e4 c5 2. Nf3 d6 3. c3 Nf6 4. Be2 g6 5. O-O Bg7 6. Bb5+ Bd7 7. Bxd7+ Nbxd7 8.
Re1 O-O 9. d4 Rc8 10. h3 cxd4 11. cxd4 d5 12. e5 Ne4 13. Nbd2 Nxd2 14. Bxd2 Rc4
15. e6 fxe6 16. Rxe6 Nf6 17. Qb3 Qc7 18. Bb4 Re8 19. Rae1 Rc1 20. Bd2 Rxe1+ 21.
Rxe1 h6 22. Rc1 Qb8 23. Ne5 Kh7 24. Qg3 g5 25. Qd3+ Kg8 26. Qg6 Rc8 27. Re1 Ne4
28. Bb4 Rc2 29. f3 Rxb2 30. Bxe7 Qc8 31. fxe4 Qc2 32. Qf7+ Kh8 33. Qf1 Qc3 34.
Bf6 1-0

[Event "Montevideo Duchamp Cup 1st"]
[Site "Montevideo"]
[Date "2017.02.13"]
[Round "7"]
[White "Flores, Diego"]
[Black "Delgado Ramirez, Neuris"]
[Result "1/2-1/2"]
[WhiteElo "2572"]
[BlackElo "2625"]
[PlyCount "29"]
[EventDate "2017.02.09"]
[EventType "swiss"]
[EventRounds "9"]
[EventCountry "URU"]
[SourceTitle "CBM 176 Extra"]
[Source "ChessBase"]
[SourceDate "2017.03.02"]
[SourceVersion "1"]
[SourceVersionDate "2017.03.02"]
[SourceQuality "1"]

1. d4 d5 2. c4 e6 3. Nc3 Be7 4. Nf3 Nf6 5. Bg5 O-O 6. e3 h6 7. Bh4 Ne4 8. Bxe7
Qxe7 9. Qc2 c6 10. Bd3 Nxc3 11. Qxc3 dxc4 12. Bxc4 Nd7 13. O-O b6 14. Rac1 Bb7
15. Be2 1/2-1/2

[Event "Montevideo Duchamp Cup 1st"]
[Site "Montevideo"]
[Date "2017.02.14"]
[Round "8"]
[White "Delgado Ramirez, Neuris"]
[Black "Garcia Palermo, Carlos H"]
[Result "1/2-1/2"]
[WhiteElo "2625"]
[BlackElo "2438"]
[PlyCount "78"]
[EventDate "2017.02.09"]
[EventType "swiss"]
[EventRounds "9"]
[EventCountry "URU"]
[SourceTitle "CBM 176 Extra"]
[Source "ChessBase"]
[SourceDate "2017.03.02"]
[SourceVersion "1"]
[SourceVersionDate "2017.03.02"]
[SourceQuality "1"]

1. e4 c6 2. Nf3 d5 3. Nc3 dxe4 4. Nxe4 Bf5 5. Ng3 Bg4 6. h3 Bxf3 7. Qxf3 Nf6 8.
Bc4 e6 9. O-O Bd6 10. c3 O-O 11. d4 Nbd7 12. Bb3 a5 13. Bc2 Qb6 14. Ne4 Nxe4
15. Qxe4 g6 16. h4 Qb5 17. Bd3 Qd5 18. Qe2 a4 19. Be3 Rfe8 20. Rad1 b5 21. c4
bxc4 22. Bxc4 Qa5 23. Rc1 Nb6 24. Bd3 Qd5 25. Bg5 Rec8 26. Be4 Qxa2 27. Bxc6
Rab8 28. Bb5 Qb3 29. Bh6 Qb4 30. g3 Rxc1 31. Rxc1 Qxd4 32. Be3 Qb4 33. Bc6 Nd5
34. Rc4 Qxb2 35. Qxb2 Rxb2 36. Bxd5 Rb1+ 37. Kg2 exd5 38. Rxa4 Rb8 39. Ra5 h5
1/2-1/2

[Event "Montevideo Duchamp Cup 1st"]
[Site "Montevideo"]
[Date "2017.02.15"]
[Round "9"]
[White "Diaz Hollemaert, Nahuel Carlos"]
[Black "Delgado Ramirez, Neuris"]
[Result "0-1"]
[WhiteElo "2429"]
[BlackElo "2625"]
[PlyCount "78"]
[EventDate "2017.02.09"]
[EventType "swiss"]
[EventRounds "9"]
[EventCountry "URU"]
[SourceTitle "CBM 176 Extra"]
[Source "ChessBase"]
[SourceDate "2017.03.02"]
[SourceVersion "1"]
[SourceVersionDate "2017.03.02"]
[SourceQuality "1"]

1. Nf3 Nf6 2. g3 d5 3. Bg2 e6 4. O-O Be7 5. d3 b6 6. Nbd2 Bb7 7. e4 dxe4 8.
dxe4 a5 9. Qe2 Nc6 10. e5 Nd7 11. Rd1 Qc8 12. a4 Nc5 13. Nc4 Nb4 14. Be3 h6 15.
c3 Nd5 16. Bxc5 Bxc5 17. Nfd2 O-O 18. Ne4 Be7 19. Na3 Bxa3 20. Rxa3 Ne7 21. c4
Kh8 22. Rad3 Nc6 23. Nc3 Nb4 24. Bxb7 Qxb7 25. Rd7 Qc6 26. Qe4 Nd5 27. R1xd5
exd5 28. Qxd5 Qe6 29. Rxc7 Rad8 30. Qe4 f5 31. Rc6 Qe8 32. Qf3 Qxe5 33. Rxb6 f4
34. g4 Qd4 35. Rc6 Qd2 36. g5 Rd3 37. Qh5 Qe1+ 38. Kg2 f3+ 39. Kh3 Qf1+ 0-1

[Event "Manaus Amazonia-ch"]
[Site "Manaus"]
[Date "2017.04.13"]
[Round "1"]
[White "Benayon, Elismar da Silva"]
[Black "Delgado Ramirez, Neuris"]
[Result "0-1"]
[WhiteElo "1814"]
[BlackElo "2603"]
[PlyCount "52"]
[EventDate "2017.04.13"]
[EventType "swiss"]
[EventRounds "7"]
[EventCountry "BRA"]
[SourceTitle "CBM 177 Extra"]
[Source "ChessBase"]
[SourceDate "2017.04.27"]
[SourceVersion "1"]
[SourceVersionDate "2017.04.27"]
[SourceQuality "1"]

1. e4 c5 2. Nc3 g6 3. f4 Bg7 4. Nf3 Nc6 5. Bc4 e6 6. d3 Nge7 7. O-O d5 8. Bb3
O-O 9. f5 exf5 10. Nxd5 Nxd5 11. Bxd5 Be6 12. Bg5 Qd7 13. Bxe6 fxe6 14. exf5
exf5 15. Qc1 Rae8 16. Bh6 Nd4 17. Nxd4 Qxd4+ 18. Kh1 Bxh6 19. Qxh6 Re2 20. c3
Qg4 21. Rg1 f4 22. Rae1 Rfe8 23. Ref1 g5 24. Qf6 R2e6 25. h3 Rxf6 26. hxg4 Rh6#
0-1

[Event "Manaus Amazonia-ch"]
[Site "Manaus"]
[Date "2017.04.14"]
[Round "2"]
[White "Delgado Ramirez, Neuris"]
[Black "Pinto, Pedro Jorge de Mora"]
[Result "1-0"]
[WhiteElo "2603"]
[BlackElo "2055"]
[PlyCount "35"]
[EventDate "2017.04.13"]
[EventType "swiss"]
[EventRounds "7"]
[EventCountry "BRA"]
[SourceTitle "CBM 177 Extra"]
[Source "ChessBase"]
[SourceDate "2017.04.27"]
[SourceVersion "1"]
[SourceVersionDate "2017.04.27"]
[SourceQuality "1"]

1. e4 c5 2. Nf3 g6 3. c3 b6 4. d4 Bb7 5. Bd3 Bg7 6. O-O Nf6 7. e5 Nd5 8. dxc5
bxc5 9. Be4 e6 10. c4 Ne3 11. Bxe3 Bxe4 12. Bxc5 Nc6 13. Nc3 Bxf3 14. Qxf3 Nxe5
15. Qe2 Qc7 16. f4 Ng4 17. Qxg4 Bxc3 18. Qf3 1-0

[Event "Manaus Amazonia-ch"]
[Site "Manaus"]
[Date "2017.04.14"]
[Round "3"]
[White "Veiga, Emerson de Sousa"]
[Black "Delgado Ramirez, Neuris"]
[Result "0-1"]
[WhiteElo "2064"]
[BlackElo "2603"]
[PlyCount "64"]
[EventDate "2017.04.13"]
[EventType "swiss"]
[EventRounds "7"]
[EventCountry "BRA"]
[SourceTitle "CBM 177 Extra"]
[Source "ChessBase"]
[SourceDate "2017.04.27"]
[SourceVersion "1"]
[SourceVersionDate "2017.04.27"]
[SourceQuality "1"]

1. e4 c5 2. Nf3 d6 3. d4 cxd4 4. Nxd4 Nf6 5. Nc3 a6 6. Be3 e5 7. Nb3 Be7 8. f3
Be6 9. Qd2 O-O 10. O-O-O a5 11. Kb1 a4 12. Nc1 a3 13. b3 Ra5 14. Bb5 Qc7 15.
Qd3 Rc8 16. N1e2 Nc6 17. Bxc6 Qxc6 18. Bd2 Rc5 19. Rc1 d5 20. exd5 Bxd5 21.
Rhd1 Be6 22. Be1 b5 23. Ne4 Rd5 24. Qc3 Qb7 25. Nxf6+ Bxf6 26. Qe3 Rxd1 27.
Rxd1 Bf5 28. Rc1 Qc6 29. Nc3 e4 30. fxe4 Bxc3 31. Qxc3 Qxe4 32. Qd2 Qe5 0-1

[Event "Manaus Amazonia-ch"]
[Site "Manaus"]
[Date "2017.04.15"]
[Round "4"]
[White "Delgado Ramirez, Neuris"]
[Black "Reis, Renan do Carmo"]
[Result "1-0"]
[WhiteElo "2603"]
[BlackElo "2230"]
[PlyCount "73"]
[EventDate "2017.04.13"]
[EventType "swiss"]
[EventRounds "7"]
[EventCountry "BRA"]
[SourceTitle "CBM 177 Extra"]
[Source "ChessBase"]
[SourceDate "2017.04.27"]
[SourceVersion "1"]
[SourceVersionDate "2017.04.27"]
[SourceQuality "1"]

1. e4 e6 2. d4 d5 3. exd5 exd5 4. Nf3 Bd6 5. c4 Nf6 6. Nc3 dxc4 7. Bxc4 O-O 8.
O-O Nc6 9. h3 Bf5 10. a3 Ne4 11. Re1 Nxc3 12. bxc3 Re8 13. Be3 Qd7 14. Bf1 Ne7
15. c4 Ng6 16. Qb3 c6 17. Rad1 Qc7 18. a4 Qb6 19. Qa2 Qc7 20. d5 c5 21. Bd3
Bxd3 22. Rxd3 Re4 23. Rb1 Rae8 24. Rdb3 b6 25. a5 Rxc4 26. axb6 axb6 27. Rxb6
Rb4 28. Rc6 Qa7 29. Qc2 Rxb1+ 30. Qxb1 Rb8 31. Qd1 Rd8 32. Qc1 Ne7 33. Bxc5
Bxc5 34. Rxc5 Qa8 35. Ne5 Rxd5 36. Nc6 Kf8 37. Rxd5 1-0

[Event "Manaus Amazonia-ch"]
[Site "Manaus"]
[Date "2017.04.15"]
[Round "5"]
[White "Stamenkovic, Dragan"]
[Black "Delgado Ramirez, Neuris"]
[Result "1/2-1/2"]
[WhiteElo "2396"]
[BlackElo "2603"]
[PlyCount "68"]
[EventDate "2017.04.13"]
[EventType "swiss"]
[EventRounds "7"]
[EventCountry "BRA"]
[SourceTitle "CBM 177 Extra"]
[Source "ChessBase"]
[SourceDate "2017.04.27"]
[SourceVersion "1"]
[SourceVersionDate "2017.04.27"]
[SourceQuality "1"]

1. d4 Nf6 2. Bg5 e6 3. e3 h6 4. Bh4 d6 5. Nd2 Nbd7 6. Bd3 b6 7. Be4 Rb8 8. Bc6
Be7 9. Ngf3 Nd5 10. Bxe7 Nxe7 11. Be4 Ba6 12. Bd3 Bb7 13. O-O O-O 14. Qe2 c5
15. c3 Qc7 16. e4 Ng6 17. g3 e5 18. Ba6 Bxa6 19. Qxa6 b5 20. a4 b4 21. dxe5
dxe5 22. Qe2 bxc3 23. bxc3 Rb2 24. Rfb1 Rfb8 25. Qd3 c4 26. Qf1 Rxb1 27. Rxb1
Rb6 28. Rxb6 Nxb6 29. a5 Na4 30. Nxc4 Nxc3 31. Qd3 Na4 32. Qd5 Nc3 33. Qd3 Na4
34. Qd5 Nc3 1/2-1/2

[Event "Manaus Amazonia-ch"]
[Site "Manaus"]
[Date "2017.04.16"]
[Round "6"]
[White "Delgado Ramirez, Neuris"]
[Black "Moraes, Nelson da Silva"]
[Result "1-0"]
[WhiteElo "2603"]
[BlackElo "2258"]
[PlyCount "95"]
[EventDate "2017.04.13"]
[EventType "swiss"]
[EventRounds "7"]
[EventCountry "BRA"]
[SourceTitle "CBM 177 Extra"]
[Source "ChessBase"]
[SourceDate "2017.04.27"]
[SourceVersion "1"]
[SourceVersionDate "2017.04.27"]
[SourceQuality "1"]

1. e4 e6 2. d4 d5 3. exd5 exd5 4. Nf3 Bd6 5. c4 dxc4 6. Bxc4 Nf6 7. Qe2+ Qe7 8.
Qxe7+ Bxe7 9. Nc3 c6 10. O-O O-O 11. Re1 Bd6 12. Bg5 Nbd7 13. Bb3 h6 14. Bh4
Nh5 15. d5 Nc5 16. Be7 Bxe7 17. Rxe7 cxd5 18. Nxd5 Nxb3 19. axb3 a6 20. h3 g6
21. g4 Ng7 22. Nf6+ Kh8 23. Ne5 Be6 24. Rxb7 Rab8 25. Rxb8 Rxb8 26. Rxa6 Bxb3
27. Ra7 Ne8 28. Ned7 Rd8 29. Nxe8 Rxe8 30. Nc5 Rb8 31. Rb7 Rxb7 32. Nxb7 Kg7
33. f4 Kf6 34. Kf2 Bc4 35. Nc5 Ke7 36. h4 Kd6 37. Ne4+ Kd5 38. Ke3 Ba6 39. Nf6+
Ke6 40. Ng8 h5 41. g5 Bf1 42. Nh6 f6 43. f5+ gxf5 44. g6 Ke7 45. g7 Bc4 46.
Nxf5+ Ke8 47. Nh6 Ke7 48. Kf4 1-0

[Event "Manaus Amazonia-ch"]
[Site "Manaus"]
[Date "2017.04.16"]
[Round "7"]
[White "Matsuura, Everaldo"]
[Black "Delgado Ramirez, Neuris"]
[Result "1/2-1/2"]
[WhiteElo "2486"]
[BlackElo "2603"]
[PlyCount "65"]
[EventDate "2017.04.13"]
[EventType "swiss"]
[EventRounds "7"]
[EventCountry "BRA"]
[SourceTitle "CBM 177 Extra"]
[Source "ChessBase"]
[SourceDate "2017.04.27"]
[SourceVersion "1"]
[SourceVersionDate "2017.04.27"]
[SourceQuality "1"]

1. e4 c5 2. Nf3 d6 3. d4 cxd4 4. Nxd4 Nf6 5. Nc3 a6 6. Be3 e5 7. Nb3 Be6 8. Qd2
Nbd7 9. O-O-O Be7 10. f4 b5 11. f5 Bc4 12. Kb1 Rb8 13. g4 Nxg4 14. Rg1 Ndf6 15.
Be2 Bxe2 16. Qxe2 Nxe3 17. Qxe3 g6 18. Rdf1 Qd7 19. Qh6 Rf8 20. Nd5 Nxd5 21.
exd5 gxf5 22. Qxh7 f4 23. Na5 Rc8 24. Nc6 Rxc6 25. dxc6 Qxc6 26. h4 f3 27. h5
e4 28. Qf5 d5 29. h6 Qe6 30. Qf4 Qd6 31. Qf5 Qe6 32. Qf4 Qd6 33. Qf5 1/2-1/2

[Event "Brasilia Viva op"]
[Site "Brasilia"]
[Date "2017.04.28"]
[Round "1"]
[White "Nogueira, Claudio Dos Santos"]
[Black "Delgado Ramirez, Neuris"]
[Result "0-1"]
[WhiteElo "1647"]
[BlackElo "2603"]
[PlyCount "86"]
[EventDate "2017.04.28"]
[EventType "swiss"]
[EventRounds "7"]
[EventCountry "BRA"]
[SourceTitle "CBM 178 Extra"]
[Source "ChessBase"]
[SourceDate "2017.06.22"]
[SourceVersion "1"]
[SourceVersionDate "2017.06.22"]
[SourceQuality "1"]

1. d4 Nf6 2. c4 e6 3. Nc3 Bb4 4. f3 d5 5. e3 O-O 6. a3 Be7 7. c5 c6 8. Bd3 b6
9. b4 a5 10. Bd2 Ba6 11. Bxa6 Nxa6 12. Na4 Nd7 13. Ne2 Bh4+ 14. g3 Bf6 15. Rc1
axb4 16. axb4 bxc5 17. bxc5 e5 18. O-O Nc7 19. Nb6 Ra2 20. Rc2 Rxc2 21. Qxc2
Nb5 22. Nxd7 Qxd7 23. Bc3 Re8 24. dxe5 Bxe5 25. Bxe5 Rxe5 26. Nd4 Nxd4 27. exd4
Re7 28. Rb1 g6 29. Qd2 Qf5 30. Rf1 h5 31. Kg2 Qf6 32. Rf2 Kg7 33. h4 Ra7 34.
Qb4 Ra1 35. Rb2 Rd1 36. Rd2 Rc1 37. Qb2 Rc4 38. Kf2 Qe6 39. Re2 Qh3 40. f4 Qh1
41. Qb8 Qh2+ 42. Kf3 Rc3+ 43. Re3 Qh1+ 0-1